000
00332 a2200157 4500
001
62090
020
_a
8501065153
040
_c
Anchieta - Pituba
100
_a
Carter, Lin
240
1
0
_a
O senhor dos anéis
_l
por
245
1
0
_a
O senhor dos anéis
300
_a
221
362
0
_a
2003
650
4
_a
Ficção inglesa
942
_c
BK
999
_c
62090
_d
62090